=LDR 00000nam 2200000 4500 =001 INLIS000000000028141 =005 20130612130452 =008 ***********************************Ind** =035 ##$$0010-061300000028141 =041 ##$$a Ind =082 ##$$a F Rom K =090 ##$$a F Rom K, Hog p =100 ##$$a Hogan, Chuk =245 ##$$a Pengepungan, Chuck Hogan =260 ##$$a 1996 $b Jakarta =300 ##$$a 432 hlm, 18 cm =650 ##$$a Fiksi dewasa =850 ##$$a NBPNMAT